Declive / (Registro nro. 60885)

Detalles MARC
000 -CABECERA
Longitud fija campo de control 02207nam a2200361 i 4500
003 - • IDENTIFICADOR DELl NÚMERO DE CONTROL
Identificador del número de control CO-BoRNBP
005 - • FECHA Y HORA DE LA ÚLTIMA TRANSACCIÓN
Fecha y hora de la última transacción 20260508203108.0
007 - • CAMPO FIJO DE DESCRIPCIÓN FÍSICA
Campo fijo de descripción física ta
008 - • CÓDIGOS DE INFORMACIÓN DE LONGITUD FIJA
Códigos de información de longitud fija 210823r20172016ck er 000 f spa d
020 ## - • NÚMERO INTERNACIONAL NORMALIZADO PARA LIBROS
Número Internacional Normalizado para Libros (ISBN) 9789588979113
040 ## - FUENTE DE LA CATALOGACIÓN
Centro catalogador de origen CO-BoRNBP
Lengua de catalogación spa
Normas de descripción rda
Centro transcriptor CO-BoRNBP
041 0# - • CÓDIGO DE LENGUA
Código de lengua del texto/banda sonora o título independiente spa
043 ## - CÓDIGO DE ÁREA GEOGRÁFICA
Código de área geográfica s-ck---
084 ## - • Clasificación Local Alfanúmerica PNLB
Número de clasificación N
100 1# - • PUNTO DE ACCESO PRINCIPAL-NOMBRE DE PERSONA
Nombre de persona García Ángel, Antonio,
Fechas asociadas al nombre 1972- ,
Término indicativo de función aut
245 10 - • TITULO PROPIAMENTE DICHO
Título Declive /
Mención de responsabilidad, etc. Antonio García Ángel.
250 ## - • MENCIÓN DE EDICIÓN
Mención de edición Primera edición.
Resto de la mención de edición Tercera reimpresion
264 #1 - PRODUCCIÓN, PUBLICACIÓN , DISTRIBUCIÓN, FABRICACIÓN Y COPYRIGHT
Lugar de producción, publicación, distribución, fabricación Bogotá, Colombia :
Nombre del productor, editor, distribuidor, fabricante Editorial Penguin Random House,
Fecha de de producción, publicación, distribución, fabricación o copyright 2016,
-- 2017.
300 ## - • DESCRIPCIÓN FÍSICA
Extensión 129 páginas ;
Dimensiones 23 cm.
336 ## - TIPO DE CONTENIDO
Término de tipo de contenido texto
Código de tipo de contenido txt
Fuente rdacontent
337 ## - TIPO DE MEDIO
Nombre del tipo de medio sin mediación
Código del tipo de medio n
Fuente rdamedia
338 ## - TIPO DE SOPORTE
Nombre del tipo de soporte volumen
Código del tipo de soporte nc
Fuente rdacarrier
490 0# - • MENCIÓN DE SERIE
Mención de serie Literatura Random House
520 3# - • NOTA DE RESUMEN
Resumen, etc, Un día más. Son las cinco de la tarde y suena el despertador. Jorge debe apresurarse: su turno en el call center en el que trabaja empieza a las seis, y además de alistarse debe caminar hasta la estación de Transmilenio y tomar un bus, una empresa de duración incierta. Así que se despereza, se baña, se viste, pero cuando está terminando ocurre algo inesperado: no le entra el zapato que intenta ponerse. Prueba entonces con el otro, y tampoco. Mira los zapatos, se mira los pies, y no entiende: los zapatos son los de antes de la siesta, y los pies no parecen hinchados. Extrañado y ya de afán, va por otros pares y lo mismo: no le caben. Sus pies, aparentemente, están más grandes. Sin tiempo para otros intentos, Jorge salta a la calle con los zapatos a medio calzar y se dirige a toda carrera, incómodo y pensativo, a la estación de buses, sin imaginarse nunca que esa pequeña y misteriosa anomalía de sus pies es el primer síntoma de su declive. (Tomado de la fuente).
521 1# - • NOTA DE PÚBLICO DESTINATARIO
Nota público destinatario (R ) Recomendado para un público mayor de 15 años.
650 17 - • PUNTO DE ACCESO ADICIONAL DE MATERIA - TÉRMINO DE MATERIA
Término de materia o nombre geográfico como elemento inicial Novela colombiana
Subdivisión cronológica Siglo XXI
Fuente del encabezamiento o término rnbp
650 17 - • PUNTO DE ACCESO ADICIONAL DE MATERIA - TÉRMINO DE MATERIA
Término de materia o nombre geográfico como elemento inicial Literatura colombiana
Subdivisión cronológica Siglo XXI
Fuente del encabezamiento o término rnbp
650 17 - • PUNTO DE ACCESO ADICIONAL DE MATERIA - TÉRMINO DE MATERIA
Término de materia o nombre geográfico como elemento inicial Vida cotidiana en la literatura
Fuente del encabezamiento o término rnbp
650 17 - • PUNTO DE ACCESO ADICIONAL DE MATERIA - TÉRMINO DE MATERIA
Término de materia o nombre geográfico como elemento inicial Relaciones familiares en la literatura
Fuente del encabezamiento o término rnbp
Subdivisión de forma Novela
650 17 - • PUNTO DE ACCESO ADICIONAL DE MATERIA - TÉRMINO DE MATERIA
Término de materia o nombre geográfico como elemento inicial Conflictos Interpersonales en la literatura
Fuente del encabezamiento o término rnbp
942 ## - ENTRADA DE ELEMENTOS AGREGADOS (KOHA)
Fuente de clasificaión o esquema
Koha [por defecto] tipo de item Libro Literatura
Suppress in OPAC 0
Existencias
Perdido Fuente de clasificación o esquema Estado Físico No para préstamo Forma de adquisición Localización permanente Localización actual Localización en estanterías Fecha adquisición Préstamos totales Signatura completa Código de barras Fecha última consulta Número de copia Fecha del precio de reemplazo Tipo de item de Koha
  Clasificación Local Facetada     Colección General Biblioteca Pública Puerto Concordia Biblioteca Pública Puerto Concordia General 05/08/2026   N GAR1 PCON02716 05/08/2026 Ej.1 05/08/2026 Libro Literatura









Instituto Departamental de Cultura del Meta - Red Departamental de Bibliotecas Públicas del Meta.